00561nam a2200157Ia 4500003000900000008004100009040001600050080002400066100001800090245016100108250001200269260004900281300001400330650004100344650001800385IN-BaIIA211028s9999 xx 000 0 eng d cIIA Library a06.013:658.325bMUT aMuthuswamy, P 0aSwamy's pension compilation : of the civil service regulation and the liberalised pension ulescP. Muthuswamy  a6th ed. aMadrasbM Bhaskar for Swamy Publishersc1974 axv, 248p. aAstronomy and Astrophysics Thesaurus aRules-Pension